Loading...
| Fine Arts - Other | 0 | 2 | 0 | 0 | 20 | 18 | 57.50 | 0 | 1 | 8.19 | 14.33 |
| Geography | 0 | 1 | 0 | 0 | 10 | 93 | 93.00 | 0 | 0 | 2.04 | 12.12 |
| History - European | 0 | 1 | 0 | 0 | 10 | 73 | 73.00 | 0 | 0 | 2.83 | 4.55 |
| Social Science | 0 | 1 | 0 | 0 | 10 | 113 | 113.00 | 0 | 0 | 0.00 | 1.11 |
| Philosophy | 0 | 1 | 0 | 0 | 10 | 106 | 106.00 | 0 | 0 | 0.00 | 1.14 |
| Science - Other | 0 | 1 | 0 | 0 | 10 | 129 | 129.00 | 0 | 0 | 0.34 | 1.52 |
| Religion | 0 | 1 | 1 | 0 | 5 | 45 | 45.00 | 0 | 0 | 5.34 | 4.96 |
| Fine Arts - Classical Music | 0 | 1 | 1 | 0 | 5 | 53 | 53.00 | 0 | 1 | 4.79 | 8.33 |
| Literature - British | 0 | 0 | 0 | 0 | 0 | 0.00 | 0 | 0 | 0.00 | 0.00 | |
| Science - Physics | 0 | 0 | 2 | 0 | -10 | 0.00 | 0 | 0 | 0.00 | 0.00 |